000 00416nam a2200181Ia 4500
001 1118
005 20260306140608.0
008 260306t1972||||xx |||||||||||||| ||spa||
041 _aESP
082 _a183.2
_bA34
100 _aAlarco, Luis Felipe
_eAUT
245 0 _aSócrates ante la muerte
260 _c1972
300 _a490páginas :
_c21cm.
650 _aGEN
654 _aCHU
942 _cLIB
_dJUS
_fJUS
_2ddc
_n
999 _c1118
_d1118